000 00499nmm a2200157Ia 4500
008 251105s9999||||xx |||||||||||||||||und||
020 _a9788490291672
041 _aspa
100 _aOlmedillas Hernández, Joan Carles
245 0 _aIntroducción a los sistemas de navegación por satélite
264 _a[Madrid, España] :
_bUniversitat Oberta de Catalunya,
_c2012
300 _a182 páginas
650 _aEngineering
856 _uhttps://public.digitaliapublishing.com/a/24465
942 _cCF
999 _c87599
_d87599